000 00418nam a2200157 a 4500
001 7251
003 CO-ViMGA
008 141112s2004 ck r 000 u spa d
040 _aCO-ViMGA
_bspa
_cCO-ViMGA
082 0 4 _a725.8 E721c
245 1 0 _aEscala :
_bCentros vacacionales
260 _aBogotá :
_bEscala,
_c199 -
300 _a(100 p) : il
650 1 4 _aCENTROS VACACIONALES - ARQUITECTURA
_96412
942 _2ddc
_cBK
999 _c19210
_d19210